Pokémon - Les attaques de Bibichut - Statistiques

Statistiques générales
  • Ce quiz a été pris 14 fois
  • Le résultat moyen est 7 sur 11
Statistiques - réponses
Niveaux Types Noms des attaques % Correct
Niveau 40 Psy Psyko
100%
Départ Psy Choc Mental
86%
Niveau 30 Fée Éclat Magique
86%
Niveau 10 Fée Voix Enjôleuse
86%
Niveau 15 Plante Aromathérapie
71%
Niveau 5 Eau Fontaine de Vie
71%
Niveau 35 Psy Plénitude
71%
Niveau 20 Psy Rafale Psy
71%
Niveau 45 Psy Vœu Soin
43%
Départ Normal Camaraderie
14%
Niveau 25 Psy Vibra Soin
14%
Aucun quiz correspondant
Distribution des résultats
% des personnes avec chaque résultat
Percentile par nombre de réponses
Votre historique - résultats
Vous n’avez pas pris ce quiz